000 01306cam a2200301 i 4500
003 SA-RiAUC
005 20251203133655.0
008 251128s1981 su f l f000r0 ara c
040 _aSA-JeALM
_bara
_cSA-RiAUC
_dSA-RiKSU
_erda
043 _aa-su---
082 0 4 _a344.531092
_qSA-RiAUC
090 _a344.531092
_bس ع و
110 1 _aالسعودية
_eمؤلف.
240 1 0 _aنظام دارة الملك عبد العزيز (1392 هـ.)
245 1 0 _aنظام دارة الملك عبد العزيز /
_cوزارة المالية والاقتصاد الوطني.
264 1 _aالرياض :
_bمطابع الحكومة،
_c1973
300 _a10 صفحة ؛
_c24 × 17 سم
336 _aنص
_btxt
_2rdacontent
_3كتاب
337 _aبدون وسيط
_bn
_2rdamedia
338 _aمجلد
_bnc
_2rdacarrier
610 2 7 _aدارة الملك عبد العزيز
_vقوانين داخلية
_2aucnm
610 2 7 _aدارة الملك عبد العزيز
_xمطبوعات حكومية
_2aucnm
650 7 _aالمطبوعات الحكومية
_2aucsh
651 7 _aالسعودية
_xمطبوعات حكومية
_2aucsh
710 1 _aالسعودية.
_bوزارة المالية والاقتصاد الوطني
_eمؤلف.
942 _2ddc
_cBOOK
_n0
949 _aSA-JeALM
_d251128
_umohamedma123
_n1
999 _c13461
_d13461